000 00570nam a22001937a 4500
005 20251108163336.0
008 250721s1990 xx 000 0 ara d
082 1 4 _a210.430141/قيس
100 1 _aالقيسي، مروان إبراهيم
245 1 0 _aالإسلام و المسألة الجنسية /
250 _aط2.
264 1 _aعمان :
_bدار عمار للنشر والتوزيع،
_c1990.
300 _a124ص.
490 0 _aنحو فهم إسلامي صحيح
650 1 7 _aالإسلام
650 1 7 _aالجنس
942 _2ddc
_cBK
999 _c272
_d272